| 000 | 00706cab a2200229 4500 | ||
|---|---|---|---|
| 001 | WB3508-24 | ||
| 008 | 090401t1999 xxu||||| |||| 00| 0 eng d | ||
| 035 | _a(Sirsi) u91607 | ||
| 041 | _aeng | ||
| 245 | _aRaising the quality of homes | ||
| 260 | _c1999 | ||
| 350 | _a0 | ||
| 490 |
_aDETR News Release _v(151) 23 February 1999 (2) |
||
| 520 | _aThe Construction Minister has launched an initiative to raise the quality of homes by taking a different approach to quality assessment. | ||
| 650 | _aHOUSE CONSTRUCTION | ||
| 650 | _aHOUSING QUALITY INDICATORS | ||
| 650 | _aHOUSING SCHEMES | ||
| 650 | _aQUALITY ASSESSMENT | ||
| 690 | _aHOUSING-DEVELOPMENT | ||
| 942 | _n0 | ||
| 948 | _c25/02/1999 | ||
| 999 |
_c58169 _d58169 |
||